Estadísticas para Eliminación por Categoría - Países Europeos

Haz click aquí para tomar la prueba!

Estadísticas generales

  • Esta prueba ha sido tomada 3.611 veces
  • La puntuación promedio es 8 de 16

Estadísticas de respuestas

Grupo#Categoría% Correcto
Verde30Países que no están sin litoral
96%
Verde17... que tienen al menos cuatro fronteras
94%
Amarillo30Países con una población de menos de 10 millones
70%
Verde6... cuyo capital tiene al menos siete letras
65%
Azul35Países que comienzan con una consonante
65%
Amarillo21... sin tierra en los Balcanes
63%
Azul15... que no están en la UE
60%
Rosa29Países que eran independientes antes del colapso de la URSS
50%
Amarillo6... que son más grandes en área que la República Checa
48%
Rosa9... que están completamente al este de Roma
43%
Rosa4... cuyo nombre tiene 7 o menos letras
38%
Azul6... con una elevación máxima de menos de 2.000 metros
37%
Verde1... y el nombre del país contiene CBélgica
26%
Amarillo1... que comienza con cualquier letra después de K alfabéticamenteNoruega
22%
Rosa1... cuya bandera tiene amarilloRumania
18%
Azul1... cuyo capital contiene 5 o menos letrasBielorrusia
16%

Distribución de puntuación

Porcentaje por número respondido

Porcentaje de gente con cada puntuación

Historial de tus puntuaciones

No has tomado esta prueba